| 000 | 00385nam a22001577a 4500 | ||
|---|---|---|---|
| 999 |
_c1078 _d1078 |
||
| 008 | 200109b ||||| |||| 00| 0 eng d | ||
| 082 | 0 | 0 |
_a794.4 _bW5527 |
| 100 |
_9651 _aWhall, W. B. |
||
| 245 | 1 | 0 |
_aSea songs and shantics _cby W B Whall |
| 250 | _a6th | ||
| 260 |
_aGlasgow _bBrown,Son & Ferguson _c1948 |
||
| 300 | _axx,154p. | ||
| 365 | _d6.06 | ||
| 650 | 0 | _aSea Songs | |
| 942 | _cBK | ||